Oscar Best Actor Winning Roles - Statistics

General Stats
  • This quiz has been taken 29 times
    15 since last reset
  • The average score is 16 of 25
Answer Stats
Year Actor Movie Title Role % Correct
2012 Daniel Day-Lewis __________ Abraham Lincoln
100%
2006 Forest Whitaker The Last King of Scotland Idi Amin
100%
2023 Cillian Murphy __________ J. Robert Oppenheimer
100%
2010 Colin Firith The King's Speech King George VI
100%
2004 Jamie Foxx ___________ Ray Charles
100%
2014 Eddie Redmayne The Theory of Everything Stephen Hawking
100%
2005 Philip Seymour Hoffman ___________ Truman Capote
100%
2017 Gary Oldman Darkest Hour Winston Churchill
100%
2018 Rami Malek Bohemian Rhapsody Freddie Mercury
90%
2008 Sean Penn __________ Harvey Milk
90%
2000 Russell Crowe Gladiator Maximus Decimus Meridius
90%
2021 Will Smith King ______ Richard Williams
90%
2019 Joaquin Phoenix __________ Arthur Fleck/Joker
80%
2015 Leonardo DiCaprio The Revenant Hugh Glass
40%
2024 Adrien Brody The Brutalist Laszlo Toth
40%
2001 Denzel Washington Training Day Alonzo Harris
30%
2020 Anthony Hopkins The Father Anthony
30%
2007 Daniel Day-Lewis There Will Be Blood Daniel Plainview
30%
2011 Jean Dujardin The Artist George Valentin
30%
2016 Casey Affleck Manchester by the Sea Lee Chandler
30%
2013 Matthew McConaughey Dallas Buyers Club Ron Woodroof
30%
2002 Adrien Brody The Pianist Wladyslaw Szpilman
30%
2022 Brendan Fraser The Whale Charlie
20%
2009 Jeff Bridges Crazy Heart Otis Bad Blake
20%
2003 Sean Penn Mystic River Jimmy Markum
10%
No matching quizzes found
Score Distribution
Percent of People with Each Score
Percentile by Number Answered
Your Score History
You have not taken this quiz since the last reset